书目信息 |
| 题名: |
大学应用物理实验
|
|
| 作者: | 蒲利春 , 王本菊 著 | |
| 分册: | ||
| 出版信息: | 成都 西南交通大学出版社 2005 |
|
| 页数: | 188页 | |
| 开本: | 23cm | |
| 丛书名: | ||
| 单 册: | ||
| 中图分类: | O59-33 , O4-33 | |
| 科图分类: | ||
| 主题词: | 物理学--实验--高等学校--教材--物理学 | |
| 电子资源: | ||
| ISBN: | 7-81104-141-3 | |
| 000 | 00855nam0 2200253 450 | |
| 001 | 1532166170 | |
| 005 | 20150130085637.67 | |
| 010 | @a7-81104-141-3@dCNY18.80 | |
| 100 | @a20050119d2005 em y0chiy50 ea | |
| 101 | 0 | @achi |
| 102 | @aCN@b510000 | |
| 105 | @aa z 000yy | |
| 200 | 1 | @a大学应用物理实验@9da xue ying yong wu li shi yan@f蒲利春,王本菊著 |
| 210 | @a成都@c西南交通大学出版社@d2005 | |
| 215 | @a188页@c图@d23cm | |
| 300 | @a21世纪中国高等学校应用型人才培养体系创新与实践研究成果 | |
| 330 | @a本书内容包括:测量误差与数据处理基础、常用实验仪器介绍、基础物理实验、近代物理实验、设计性研究性实验等。 | |
| 606 | 0 | @a物理学@x实验@x高等学校@j教材@a物理学 |
| 690 | @aO59-33@v5 | |
| 690 | @aO4-33@v4 | |
| 701 | 0 | @a蒲利春@9pu li chun@4著 |
| 701 | 0 | @a王本菊@9wang ben ju@4著 |
| 801 | 0 | @aCN@bTSSF@c20150130 |
| 905 | @aZUCC@dO4-33@eJY84 | |
| 大学应用物理实验/蒲利春,王本菊著.-成都:西南交通大学出版社,2005 |
| 188页:图;23cm |
| 21世纪中国高等学校应用型人才培养体系创新与实践研究成果 |
| ISBN 7-81104-141-3:CNY18.80 |
| 本书内容包括:测量误差与数据处理基础、常用实验仪器介绍、基础物理实验、近代物理实验、设计性研究性实验等。 |
| ● |
| 相关链接 |
|
|
|
|
正题名:大学应用物理实验
索取号:O4-33/JY84
 
预约/预借
| 序号 | 登录号 | 条形码 | 馆藏地/架位号 | 状态 | 备注 |
| 1 | 7861762 | 278617622 | 学院路分馆/ [索取号:O4-33/JY84] | 在馆 | |
| 2 | 7861763 | 278617631 | 学院路分馆/ [索取号:O4-33/JY84] | 在馆 | |
| 3 | 7861764 | 278617640 | 学院路分馆/ [索取号:O4-33/JY84] | 在馆 | |
| 4 | 7861765 | 278617659 | 学院路分馆/ [索取号:O4-33/JY84] | 在馆 |